Análisis de estabilidad de taludes según geometría de corte en suelos cohesivos
Guardat en:
| Autor principal: | |
|---|---|
| Format: | Llibre |
| Idioma: | Spanish |
| Publicat: |
[San José], Costa Rica
2015
|
| Matèries: | |
| Etiquetes: |
Afegir etiqueta
Sense etiquetes, Sigues el primer a etiquetar aquest registre!
|
MARC
| LEADER | 00000nam a22000007a 4500 | ||
|---|---|---|---|
| 003 | 012266 | ||
| 005 | 20221231143913.0 | ||
| 008 | 150917b2015 cr a|||| |||| 00| 0 spa d | ||
| 040 | |c cru CEDI | ||
| 090 | |a TFG 7430 | ||
| 100 | |9 1177 |a Chaves Márquez, Diego Armando | ||
| 245 | |a Análisis de estabilidad de taludes según geometría de corte en suelos cohesivos | ||
| 260 | |a [San José], Costa Rica |c 2015 | ||
| 500 | |a Proyecto de graduación (licenciatura en ingeniería civil)--Universidad de Costa Rica. Facultad de Ingeniería. Escuela de Ingeniería Civil | ||
| 650 | |x MECANICA DE SUELOS |x RESISTENCIA DE SUELOS AL ESFUERZO DE CORTE |x TALUDES (MECANICA DE SUELOS) |x ESTABILIZACION DE SUELOS |x EVALUACION |9 1178 | ||
| 942 | |c TFG | ||
| 999 | |c 14010 |d 14010 | ||
